12 qui tắc sinh lợi đồng tiền

Kaydedildi:
Detaylı Bibliyografya
Yazar: Casson, Herbert N.
Materyal Türü: Kitap
Dil:Undetermined
Baskı/Yayın Bilgisi: Thành phố Hồ Chí Minh Nxb. Thành phố Hồ Chí Minh 2000
Konular:
Etiketler: Etiketle
Etiket eklenmemiş, İlk siz ekleyin!
Thư viện lưu trữ: Trung tâm Học liệu Trường Đại học Cần Thơ
LEADER 00552nam a2200169Ia 4500
001 CTU_46857
008 210402s9999 xx 000 0 und d
082 |a 332.642 
082 |b C345 
100 |a Casson, Herbert N. 
245 0 |a 12 qui tắc sinh lợi đồng tiền 
245 0 |c Herbert N. Casson 
260 |a Thành phố Hồ Chí Minh 
260 |b Nxb. Thành phố Hồ Chí Minh 
260 |c 2000 
650 |a Business management,Currency market,Stock market 
980 |a Trung tâm Học liệu Trường Đại học Cần Thơ